00957nam a2200205 4500999001900000005001700019008004100036020001500077050002600092100003100118245014000149250001100289260005300300300002100353650004300374700003900417942001300456952014100469952014100610 c153625d15362320200115114753.0200115b ag ||||| |||| 00| 0 spa d a950536096704aKHA3013.A9 bB53 19971 aBianchi, Enrique Tomás, 13aEl derecho a la libre expresiónb: Análisis de fallos nacionales y extranjerosc/ Enrique Tomás Bianchi, Hernán Víctor Gullco a1a ed. aArgentina :bLibreria editorial platense, c1997 a378 p. ;c22 cm. 72lembaLibertad de expresiónxDerecho1 aGullco, Hernán Víctor, eautor 2lcccLIB 102lcc4070aPOS-042bPOS-042cGENERALd2020-01-15f1a ed.kCSAoKHA3013.A9 B53 1997pBPD000001167r2020-01-15 00:00:00tC:1v1.00yLIB 102lcc4070aPOS-042bPOS-042cGENERALd2020-01-15f1a ed.kCSAoKHA3013.A9 B53 1997pBPD000001168r2020-01-15 00:00:00tC:2v1.00yLIB